Atlas of igneous rocks and their textures / (Record no. 5241)

MARC details
000 -LEADER
fixed length control field 01024pam a2200277 a 4500
001 - CONTROL NUMBER
control field BD-DhSAU 5241
003 - CONTROL NUMBER IDENTIFIER
control field BD-DhSAU
005 - DATE AND TIME OF LATEST TRANSACTION
control field 20150412153120.0
008 - FIXED-LENGTH DATA ELEMENTS--GENERAL INFORMATION
fixed length control field 820303s1982 nyua b 001 0 eng
020 ## - INTERNATIONAL STANDARD BOOK NUMBER
International Standard Book Number 0582026415
040 ## - CATALOGING SOURCE
Original cataloging agency BD-DhSAU
082 00 - DEWEY DECIMAL CLASSIFICATION NUMBER
Classification number 552.103
Edition number 22
Item number MAA
100 1# - MAIN ENTRY--PERSONAL NAME
Personal name MacKenzie, W. S.
245 10 - TITLE STATEMENT
Title Atlas of igneous rocks and their textures /
Statement of responsibility, etc. W.S. MacKenzie, C.H. Donaldson, and C. Guilford.
260 ## - PUBLICATION, DISTRIBUTION, ETC. (IMPRINT)
Place of publication, distribution, etc. England :
Name of publisher, distributor, etc. Longman ,
Date of publication, distribution, etc. 1982.
300 ## - PHYSICAL DESCRIPTION
Extent 148 p. :
Other physical details chiefly col. ill. ;
Dimensions 28 cm.
500 ## - GENERAL NOTE
General note "A Halsted Press book."
504 ## - BIBLIOGRAPHY, ETC. NOTE
Bibliography, etc Includes index and Bibliography: p. 145.
590 ## - Name of Cataloguer
Name of Cataloger IMRAN
650 #0 - SUBJECT ADDED ENTRY--TOPICAL TERM
Topical term or geographic name as entry element Igneous rocks
Form subdivision Atlases.
700 1# - ADDED ENTRY--PERSONAL NAME
Personal name Donaldson, C. H.,
700 1# - ADDED ENTRY--PERSONAL NAME
Personal name Guilford, C.
856 42 - ELECTRONIC LOCATION AND ACCESS
Uniform Resource Identifier <a href="http://www.loc.gov/catdir/bios/wiley042/82002698.html">http://www.loc.gov/catdir/bios/wiley042/82002698.html</a>
856 42 - ELECTRONIC LOCATION AND ACCESS
Uniform Resource Identifier <a href="http://www.loc.gov/catdir/description/wiley033/82002698.html">http://www.loc.gov/catdir/description/wiley033/82002698.html</a>
856 4# - ELECTRONIC LOCATION AND ACCESS
Uniform Resource Identifier <a href="http://www.loc.gov/catdir/toc/onix04/82002698.html">http://www.loc.gov/catdir/toc/onix04/82002698.html</a>
942 ## - ADDED ENTRY ELEMENTS (KOHA)
Source of classification or shelving scheme Dewey Decimal Classification
Koha item type Book
Holdings
Withdrawn status Lost status Source of classification or shelving scheme Damaged status Not for loan Collection code Home library Branch Name Shelving location Date acquired Total Checkouts Full call number Barcode Date last seen Price effective from Koha item type
    Dewey Decimal Classification   Not For Loan Reference SAU Library SAU Library Reference 29/06/1988   552.103 MAA 12051 12/04/2015 12/04/2015 Book